| 000 | 00583nam a2200169 i 4500 | ||
|---|---|---|---|
| 001 | 187140 | ||
| 003 | SpMaBN | ||
| 005 | 20230906222826.0 | ||
| 008 | 170421s1946 sp |||| |cspa d | ||
| 080 | _a929 Soong | ||
| 100 | 1 |
_aHann, Emily. _9162437 |
|
| 245 | 1 | 4 |
_aLas hermanas Soong / _cEmily Hann ; [traducción del inglés por Senén Talarn]. |
| 250 | _a1ª ed. | ||
| 260 |
_aBarcelona : _bLos Libros de Nuestro Tiempo, _c1946. |
||
| 300 |
_a222, [1] p. ; _c22 cm. |
||
| 852 |
_aES-MaACL _jL-31464 _z- enc. tela _z. - Donat. herederos de la bibl. de Mª del Pilar Costa Palacín |
||
| 999 |
_c187140 _d187140 |
||